000 00463nam a22001817a 4500
005 20251108175837.0
008 250721s2023 xx 000 0 ara d
082 1 4 _aخضي/811.9565
100 1 _aخضير، محمد
245 1 0 _aالناسك /
264 1 _aعمان :
_c2023.
300 _a195ص.
650 1 7 _aالادب العربي
650 1 7 _aالشعر العربي
650 1 7 _aالعصر الحديث
942 _2ddc
_cBK
999 _c143775
_d143775